Friend, Please Lyric Quiz- twenty one pilots - Statistics

General Stats
  • This quiz has been taken 120 times
  • The average score is 117 of 147
Answer Stats
Hint. Answers % Correct
. I
99%
. | .. you
99%
. | .. You
99%
. | .. a
96%
. Friend
94%
. friend
94%
. me
94%
. | .. please
94%
. from
93%
. life
93%
. your
93%
. and
90%
. but
90%
. But
90%
. don't
90%
. take
90%
. the
90%
. when
90%
. for
89%
. | .. to
88%
. | .. know
87%
. we
87%
. away
85%
. that
85%
. are
84%
. eyes
84%
. hands
84%
.. remove
84%
. where
84%
. who
84%
. did
82%
. want
82%
. were
82%
. feel
80%
. leave
80%
. over
80%
. say
80%
. alone
79%
.. you're
78%
. believe
77%
. home
77%
. spiders
77%
. | .. have
76%
. made
76%
. So
76%
. | .. will
76%
. crawled
74%
. inside
74%
. let
74%
. themselves
74%
. go
71%
. light
71%
. won't
70%
. become
68%
. | .. by
68%
. of
68%
. everyone
66%
. once
66%
. Petrified
66%
. was
66%
. hide
65%
.. need
65%
. exterminate
62%
. lost
62%
. see
62%
. someone
62%
. all
61%
. bones
61%
. fine
61%
. just
61%
. tonight
61%
. denying
59%
. sway
59%
. Cause
57%
. nothing
56%
. til
56%
. glow
55%
. like
55%
. plans
55%
. Would
55%
. day
54%
. yes
54%
. both
52%
. else
52%
. walk
52%
. listen
51%
. stopped
50%
.. ghost
49%
. Living
48%
. left
45%
. alliance
4%
No matching quizzes found
Score Distribution
Percent of People with Each Score
Percentile by Number Answered
Your Score History
You have not taken this quiz